Statistiques concernant Les Pyrénées-Atlantiques en images

Cliquez ici pour prendre le quiz!

Statistiques générales

  • Ce quiz a été pris 99 fois
  • Le résultat moyen est 9 sur 18

Statistiques - réponses

Réponse% Correct
Bayonne
94%
Basque
93%
Pau
92%
Biarritz
87%
Jean Lassalle
84%
Henri IV
66%
Piment d'Espelette
56%
Ossau-Iraty
48%
Baie de Saint-Jean-de-Luz
47%
Train de la Rhune
44%
Oloron-Sainte-Marie
41%
Pic du Midi d'Ossau
36%
Maurice Ravel
27%
Ile des Faisans
18%
Sel de Salies-de-Béarn
13%
Fort du Portalet
4%
Pic Palas
2%
Grotte d'Isturits
0%

Distribution des résultats

Percentile par nombre de réponses

% des personnes avec chaque résultat

Votre développement - résultats

Vous n’avez pas pris ce quiz